Prehľad zadefinovania platobnej schopnosti v zákonoch Slovenskej republiky a vplyv legislatívnych úprav na znaleckú činnosť v odbore ekonómia a manažment

Vymedzenie pojmov platobná schopnosť a platobná neschopnosť. Prehľad zákonných úprav pojmu platobná schopnosť, resp. neschopnosť. Zákon č. 513/1991 Zb. Obchodný zákonník. Zákon č. 7/2005 Z. z. o konkurze a reštrukturalizácii. Možnosti výpočtu platobnej schopnosti, resp. neschopnosti. Vplyv legislatí...

Descrizione completa

Salvato in:
Dettagli Bibliografici
Autore principale: Luščíková, Darina
Natura: Capitolo di libro
Lingua:slovacco
Soggetti:
Tags: Aggiungi Tag
Nessun Tag, puoi essere il primo ad aggiungerne!!

MARC

LEADER 00000nla a2200000 4500
001 0246560
005 20210325104054.0
041 0 |a slo 
044 |a SK 
245 1 0 |a Prehľad zadefinovania platobnej schopnosti v zákonoch Slovenskej republiky a vplyv legislatívnych úprav na znaleckú činnosť v odbore ekonómia a manažment  |c Darina Luščíková 
520 |a Vymedzenie pojmov platobná schopnosť a platobná neschopnosť. Prehľad zákonných úprav pojmu platobná schopnosť, resp. neschopnosť. Zákon č. 513/1991 Zb. Obchodný zákonník. Zákon č. 7/2005 Z. z. o konkurze a reštrukturalizácii. Možnosti výpočtu platobnej schopnosti, resp. neschopnosti. Vplyv legislatívnych úprav na znaleckú činnosť. 
610 2 0 |a insolventnosť 
610 2 0 |a znalectvo 
610 2 0 |a znalci 
610 2 0 |a posudky znalecké 
610 2 0 |a legislatíva 
610 2 0 |a podnik 
610 2 0 |a likvidita podniku 
100 1 |a Luščíková, Darina